| 000 | 00985nam a22002895i 4500 | ||
|---|---|---|---|
| 001 | 165565 | ||
| 003 | ES-MaACL | ||
| 005 | 20260505171005.0 | ||
| 008 | 920714s1890 fr c |||| |bfre d | ||
| 040 |
_aCAT _bspa _cCAT _dCCPB |
||
| 043 | _ae-fr | ||
| 080 | 4 | _a929 | |
| 100 |
_aSorel, Albert, _d1842-1906 _9188555 |
||
| 245 | 1 | 0 |
_aMme de Staël / _cpar Albert Sorel. |
| 260 |
_aParis : _bLibrairie Hachette et Cie, _c1890. |
||
| 300 |
_a216 p., [1] h. de lám. ; _c18 cm. |
||
| 490 | 1 | _aLes Grands écrivains français | |
| 597 | 1 | _aRetrato (reproducción de grabado) | |
| 597 | 1 | _aCon 8 p. de propaganda editorial. | |
| 600 | 1 | 7 |
_aStaël-Holstein, Germaine de, _d1766-1817- _xBiografías _9132890 |
| 650 | 4 |
_aEscritores franceses- _xBiografías. _912393 |
|
| 700 | 1 |
_aHachette, Jean-Georges, et Cie. _9127748 |
|
| 752 |
_aFrancia - _dParís |
||
| 830 | 0 |
_aLes Grands écrivains français _9182230 |
|
| 852 |
_aES-MaACL _jB-3193 _z-- Enc. pasta |
||
| 999 |
_c165565 _d165565 |
||